| 000 | 00788cam a22002531 4500 | ||
|---|---|---|---|
| 999 |
_c127055 _d127055 |
||
| 001 | 9859002 | ||
| 003 | ARRUPE | ||
| 005 | 20171006105453.0 | ||
| 008 | 720524s1964 ilu 000 0 eng | ||
| 010 | _a 64025733 | ||
| 035 | _a(OCoLC)316524 | ||
| 040 |
_aDLC _cOAU _dOCoLC _dDLC |
||
| 042 | _apremarc | ||
| 050 | 0 | 0 |
_aPN45 _b.Z53 |
| 082 | _a809 | ||
| 100 | 1 |
_aZitner, Sheldon P. _936756 |
|
| 245 | 1 | 2 |
_aA preface to literary analysis _cSheldon P. Zitner, James D. Kissane and Myron M. Liberman. |
| 260 |
_aChicago, _bScott, Foresman _c1964 |
||
| 300 |
_a140 p. _c21 cm. |
||
| 650 | 0 |
_aLiterature. _936757 |
|
| 650 | 0 |
_aLiterature _xStudy and teaching. _936758 |
|
| 906 |
_a7 _bcbc _coclcrpl _du _encip _f19 _gy-gencatlg |
||
| 942 |
_2lcc _cMONOGRAPH |
||